Watch Brands By Model - Statistics

General Stats
  • This quiz has been taken 181 times
  • The average score is 8 of 12
Answer Stats
Hint Answer % Correct
Submariner Rolex
98%
Speedmaster Omega
96%
Tank Cartier
86%
Royal Oak Audemars Piguet
85%
RM 40-01 Richard Mille
80%
Big Bang Unico Hublot
58%
Big Pilot IWC
57%
Reverso Jaeger LeCoultre
56%
Overseas Chrono Vacheron Constantin
53%
Nautilus Patek Philipe
51%
Mille Miglia Chopard
19%
Casablanca Frank Muller
15%
No matching quizzes found
Score Distribution
Percent of People with Each Score
Percentile by Number Answered
Your Score History
You have not taken this quiz